Southville International School and Colleges
Your cart is empty.
  • Cart
  • Lists
    Public lists Eva Luna New books Lux_list list_1
    Your lists Log in to create your own lists
  • Log in to your account
  • Your cookies
  • Search history
Southville International School and Colleges
  • Advanced search
  • Recent comments
  • Most popular
  • Libraries

Log in to your account

Log in with GOOGLE


If you do not have an external account, but do have a local account, you can still log in:

  1. Home
  2. MARC view: Gobble :
Normal view MARC view ISBD view

Gobble : (Record no. 15196)

[ view plain ]
MARC details
000 -LEADER
fixed length control field 01312pam a2200373 a 4500
001 - CONTROL NUMBER
control field 3888108
003 - CONTROL NUMBER IDENTIFIER
control field OSt
005 - DATE AND TIME OF LATEST TRANSACTION
control field 20140310182704.0
008 - FIXED-LENGTH DATA ELEMENTS--GENERAL INFORMATION
fixed length control field 901029s1991 nyua j b 001 0 eng
010 ## - LIBRARY OF CONGRESS CONTROL NUMBER
LC control number 90022770
020 ## - INTERNATIONAL STANDARD BOOK NUMBER
International Standard Book Number 0380719630
040 ## - CATALOGING SOURCE
Original cataloging agency DLC
Transcribing agency DLC
Modifying agency DLC
042 ## - AUTHENTICATION CODE
Authentication code lcac
043 ## - GEOGRAPHIC AREA CODE
Geographic area code n-us---
050 00 - LIBRARY OF CONGRESS CALL NUMBER
Classification number GT 4975
Item number .B234 1991
082 00 - DEWEY DECIMAL CLASSIFICATION NUMBER
Classification number M 394.2683
Item number B23 1993
100 2# - MAIN ENTRY--PERSONAL NAME
Personal name Graham-Barber, Lynda.
245 10 - TITLE STATEMENT
Title Gobble :
Remainder of title the complete book of thanksgiving words /
Statement of responsibility, etc Barber, Lynda Graham
250 ## - EDITION STATEMENT
Edition statement 1st ed.
260 ## - PUBLICATION, DISTRIBUTION, ETC. (IMPRINT)
Place of publication, distribution, etc New York :
Name of publisher, distributor, etc Avon Books,
Date of publication, distribution, etc c1991.
300 ## - PHYSICAL DESCRIPTION
Extent 141 p. :
Other physical details ill. ;
Dimensions 19 cm.
520 ## - SUMMARY, ETC.
Summary, etc Defines or explains various words commonly associated with Thanksgiving, such as "harvest," "Pilgrim," and "musket," and gives their origin or historical background.
521 ## - TARGET AUDIENCE NOTE
Target audience note
526 ## - STUDY PROGRAM INFORMATION NOTE
Program name `
Reading level 1210L-1700L
541 ## - IMMEDIATE SOURCE OF ACQUISITION NOTE
-- 1
562 ## - COPY AND VERSION IDENTIFICATION NOTE
Number of copies 1
650 #0 - SUBJECT ADDED ENTRY--TOPICAL TERM
Topical term or geographic name as entry element Thanksgiving Day
General subdivision Juvenile literature.
650 #1 - SUBJECT ADDED ENTRY--TOPICAL TERM
Topical term or geographic name as entry element Thanksgiving Day.
650 #1 - SUBJECT ADDED ENTRY--TOPICAL TERM
Topical term or geographic name as entry element English language
General subdivision Etymology.
700 1# - ADDED ENTRY--PERSONAL NAME
Personal name Lewin, Betsy,
Relator term ill.
906 ## - LOCAL DATA ELEMENT F, LDF (RLIN)
a 7
b cbc
c orignew
d 1
e ocip
f 19
g y-gencatlg
942 ## - ADDED ENTRY ELEMENTS (KOHA)
Source of classification or shelving scheme Library of Congress Classification
Koha item type Books
Call number prefix
Holdings
Withdrawn status Lost status Source of classification or shelving scheme Damaged status Home library Current library Shelving location Date acquired Total Checkouts Full call number Barcode Date last seen Copy number Price effective from Koha item type
    Library of Congress Classification   College Library College Library General Circulation Section 06/03/2013   GT 4975 .B234 1991 C6680 05/15/2018 1 04/19/2012 Books

Gobble :

APA

Graham-Barber L., Lewin B., . (1991). Gobble. New York: Avon Books.

Chicago

Graham-Barber Lynda, Lewin Betsy, . 1991. Gobble. New York: Avon Books.

Harvard

Graham-Barber L., Lewin B., . (1991). Gobble. New York: Avon Books.

MLA

Graham-Barber Lynda, Lewin Betsy, . Gobble. New York: Avon Books. 1991.

  • Place hold
  • Print
  • Cite
  • Add to your cart (remove)
  • Save record
    BIBTEX Dublin Core MARCXML MARC (non-Unicode/MARC-8) MARC (Unicode/UTF-8) MARC (Unicode/UTF-8, Standard) MODS (XML) RIS
  • More searches
    Search for this title in:
    Other Libraries (WorldCat) Other Databases (Google Scholar) Online Stores (Bookfinder.com) Open Library (openlibrary.org)

Exporting to Dublin Core...

SOUTHVILLE LIBRARY

Southville International School and Colleges Library

1281 Tropical Ave. Cor. Luxembourg St., BF Homes International, Las Pinas City

Tel. No. 8256374 / 252358 Loc. 117/146

Powered by Koha